000 00632nam a2200241 a 4500
001 nice12345678
003 IN_TiNIC
005 20260116012732.0
008 050524s1991 mada grp 000 0 eng
020 _a8185427
_c225
082 0 0 _a305.40954
_bRAJ1
100 _aRaj, Sebasti
245 _aQuest for Gender Justice
_b a Critique of the Status of Women in India.
260 _aMadras
_bSatya Nilayam Publications
_c1991
300 _a245p
500 _aincludes index and biblioraphy
505 2 _aIndex
650 _aWomen-India
700 1 _aRaj, Sebasti
902 _bSRS
942 _cBK
999 _c8159
_d8159